000
00360nam a2200157 4500
999
_c
56844
_d
56844
005
20210629141133.0
008
190510c2019 fr ||||| |||| 00| 0 fre d
041
_a
fre
245
_a
Le Point.
260
_a
paris,
_c
2019.
300
_a
V.
653
_a
Le Point
653
_a
პერიოდიკა
653
_a
Периодика
942
_2
udc
_c
CR